Chansons de BlackPink par son M/V - Statistiques

Statistiques générales
  • Ce quiz a été pris 2 028 fois
    2 019 depuis la dernière actualisation
  • Le résultat moyen est 12 sur 17
Statistiques - réponses
Par images Réponse % Correct
Flower
82%
Lalisa
82%
Playing With Fire
80%
Money
78%
Shut Down
78%
How You Like That
77%
Pink Venom
77%
Boombayah
76%
Gone
75%
Lovesick Girls
75%
As If Its Your Last
70%
Kill This Love
69%
Solo
63%
DDU DU DDU DU
61%
On The Ground
58%
Whistle
58%
Ready For Love
55%
Aucun quiz correspondant
Distribution des résultats
% des personnes avec chaque résultat
Percentile par nombre de réponses
Votre historique - résultats
Vous n’avez pas pris ce quiz depuis la dernière actualisation